| 000 | 00373nam a22001217a 4500 | ||
|---|---|---|---|
| 008 | 230605b xxu||||| |||| 00| 0 eng d | ||
| 082 | _a331.155 | ||
| 100 | _cSweet and Maxwell | ||
| 245 |
_aArbitration _bThe International Journal of Arbitration, Mediation and Dispute Management |
||
| 260 |
_bChartered Institute of Arbitrators _c2013 |
||
| 300 | _a242 pages | ||
| 942 |
_2ddc _cBK |
||
| 999 |
_c401 _d401 |
||